Havran a jiné básně /
Výbor z poezie významného amerického básníka a spisovatele, který u nás poprvé vyšel v roce 1928 v překladu Vítězslava Nezvala.
Uloženo v:
| Hlavní autor: | |
|---|---|
| Další autoři: | , |
| Médium: | E-kniha |
| Jazyk: | Czech |
| Vydáno: |
Praha :
Dobrovský s.r.o.,
2025
|
| Edice: | Fobos
|
| Témata: | |
| Tagy: |
Žádné tagy |
| LEADER | 02416nam a2200445 i 4500 | ||
|---|---|---|---|
| 001 | 312790 | ||
| 003 | CZ PrSKC | ||
| 005 | 20260601215729.0 | ||
| 007 | ta | ||
| 008 | 250819s2025 xr g 000 p cze | ||
| 015 | |a cnb003568073 | ||
| 020 | |a 9788027724321 |q (vázáno) | ||
| 035 | |a (OCoLC)1559931747 | ||
| 040 | |a ABG001 |b cze |d OLA001 |d ABA001 |e rda | ||
| 041 | 1 | |a cze |h eng | |
| 072 | 7 | |a 821.111(73)-1 |x Americká poezie |2 Konspekt | |
| 080 | |a 821.111(73)-1 |2 MRF | ||
| 080 | |a (0:82-1) |2 MRF | ||
| 100 | 1 | |a Poe, Edgar Allan, |d 1809-1849 |7 jn19990006608 |4 aut | |
| 245 | 1 | 0 | |a Havran a jiné básně / |c Edgar Allan Poe ; přeložil Vítězslav Nezval |
| 246 | 1 | 4 | |a Havran |
| 264 | 1 | |a Praha : |b Dobrovský s.r.o., |c 2025 | |
| 300 | |a 85 stran, 8 nečíslovaných stran ; |c 17 cm | ||
| 336 | |a text |b txt |2 rdacontent | ||
| 337 | |a bez média |b n |2 rdamedia | ||
| 338 | |a svazek |b nc |2 rdacarrier | ||
| 490 | 1 | |a Fobos | |
| 500 | |a Přeloženo z angličtiny | ||
| 505 | 0 | 0 | |t Havran -- |t Zvony -- |t Ulalume -- |t Heleně -- |t Annabel Lee -- |t Matce -- |t Anně -- |t Eldorado -- |t Město v moři -- |t Spící -- |t Lenora -- |t Kolosseum -- |t Hymnus -- |t Heleně |
| 520 | 2 | |a Výbor z poezie významného amerického básníka a spisovatele, který u nás poprvé vyšel v roce 1928 v překladu Vítězslava Nezvala. |b Havran patří mezi nejznámější básně v dějinách světové literatury. V originále vyšel The Raven (v přesném překladu Krkavec) poprvé 29. ledna 1845, veřejnost doslova ohromil a americkému básníkovi zajistil nesmrtelnost. Tato sbírka obsahuje výběr toho nejlepšího od Edgara Allana Poa, včetně zmíněného legendárního Havrana. Nakladatelská anotace. | |
| 655 | 7 | |a americká poezie |7 fd131791 |2 czenas | |
| 655 | 9 | |a American poetry |2 eczenas | |
| 700 | 1 | |a Nezval, Vítězslav, |d 1900-1958 |7 jk01090162 |4 trl | |
| 700 | 1 | 2 | |a Poe, Edgar Allan, |d 1809-1849. |t Raven. |l Česky |7 aun2008465040 |
| 830 | 0 | |a Fobos | |
| 900 | |a ABA001 |b 20 | ||
| 044 | |a xr | ||
| 910 | |a RBIT002 | ||
| 998 | |d 421937 |a https://core.palmknihy.cz/api/books/421937/cover?t18jxc |b https://core.palmknihy.cz/api/books/421937/cover/400?t18jxc |c https://core.palmknihy.cz/api/books/421937/cover/50?t18jxc |e 2028-12-20 |g 96 |i 9788027724321 |j https://core.palmknihy.cz/api/books/421937/preview.epub |k https://core.palmknihy.cz/api/books/421937/preview.pdf |l |q 49 |r 1 |s https://www.palmknihy.cz/kniha/421937 |t ebook |y 2025 |z 0 | ||
| 999 | |d 312788 | ||